banner-ar

الاسراف مدخل علم السلوك التطبيقى لادارة الناس / (Record no. 52694)

MARC details
000 -الفاتح
حقل البيانات ثابتة الطول 00717nam a2200217Ia 4500
008 - عناصر البيانات ثابتة الطول - معلومات عامة
حقل البيانات ثابتة الطول 140319s9999 xx 000 0 ara d
040 ## - مصدر الفهرسة
وكالة الفهرسة الأصلية GCL /
وكالة النسخ GCL
082 04 - رقم تصنيف ديوى العشرى
رقم التصنيف 301.1554
رقم المادة ج ا
100 1# - المدخل الرئيسى - إسم شخصى
الإسم الشخصى وليد عبد اللطيف هوانة
245 10 - بيان العنوان
العنوان الاسراف مدخل علم السلوك التطبيقى لادارة الناس /
بيان المسئوليه,etc وليد عبد اللطيف هوانة
700 1# - المدخل الاضافى - اسم شخصى
الإسم الشخصى جيرى ل.جراى
700 1# - المدخل الاضافى - اسم شخصى
الإسم الشخصى حسين محمد على العلوى
260 ## - PUBLICATION, DISTRIBUTION, ETC. (IMPRINT)
تاريخ النشر أو التوزيع 1988
300 ## - الوصف المادى
التعداد 683 ص
490 ## - بيان السلسلة
عنوان السلسلة
650 04 - المدخل الاضافى بالموضوع-مصطلح موضوعى
مصطلح موضوعي الادارة
650 04 - المدخل الاضافى بالموضوع-مصطلح موضوعى
مصطلح موضوعي ادارة الافراد
650 04 - المدخل الاضافى بالموضوع-مصطلح موضوعى
مصطلح موضوعي الاشراف
942 ## - عناصر المدخل الإضافي( كوها)
مصدر التصنيف او مخطط الترفيف Dewey Decimal Classification
Koha [default] item type كتاب
260 ## - PUBLICATION, DISTRIBUTION, ETC. (IMPRINT)
-- [S.N] :
-- معهد الادارة العامة ،
Holdings
حالة التراجع حالة الفقد حالة تلف ليس للاعارة المكان المؤقت الموقع الحالى تاريخ الاكتساب اجمالي اﻻعارات رقم الطلب الباركود تاريخ اخر مشاهدة تاريخ تفعيل السعر نوع وعاء كوها
        مكتبة القاهرة الكبرى مكتبة القاهرة الكبرى 03/26/2014   301.1554\ج ا 126355 03/26/2014 03/26/2014 كتاب
        مكتبة القاهرة الكبرى مكتبة القاهرة الكبرى 03/26/2014   301.1554\ج ا 126356 03/26/2014 03/26/2014 كتاب

Powered By

EGPV